| 000 | 00653nam a2200193Ia 4500 | ||
|---|---|---|---|
| 003 | GCL | ||
| 008 | 140319s9999 xx 000 0 ara d | ||
| 040 |
_aGCL / _cGCL |
||
| 082 | 0 | 4 |
_a658.31 _bع د |
| 100 | 1 | _aعبدالفتاح دياب حسين | |
| 245 | 1 | 0 |
_aدور التدريب فى تطوير العمل الادارى / _cعبدالفتاح دياب حسين |
| 300 | _a130 ص | ||
| 490 |
_aسلسلة مطبوعات المجموعة الاستشارية العربي _v0 |
||
| 650 | 0 | 4 | _aادارة الاعمال |
| 650 | 0 | 4 | _aالادارة |
| 650 | 0 | 4 | _aالتدريب |
| 650 | 0 | 4 | _aالبرامج التدريبية |
| 942 |
_2ddc _cBK |
||
| 999 |
_c49392 _d49392 |
||